Latin ou Grec ? - Racine des mots - Statistiques

Statistiques générales
  • Ce quiz a été pris 254 fois
    243 depuis la dernière actualisation
  • Le résultat moyen est 8 sur 10
Statistiques - réponses
Question Réponse % Correct
Chronologie Grec
92%
Bénéfice Latin
90%
Manuscrit Latin
88%
Hémorragie Grec
85%
Quiche Ni l'un, ni l'autre
83%
Animal Latin
77%
Téléphone Grec
76%
Agricole Latin
72%
Robot Ni l'un, ni l'autre
64%
Alcool Ni l'un, ni l'autre
64%
Aucun quiz correspondant
Distribution des résultats
% des personnes avec chaque résultat
Percentile par nombre de réponses
Votre historique - résultats
Vous n’avez pas pris ce quiz depuis la dernière actualisation